000 00539nam a2200145 a 4500
001 ASINB00B3CSZI8
005 20140917163707.0
008 140916s2005 xxu eng d
100 1 _aPlanning Commission Govt Pakistan.
245 1 0 _aMedium term development frame work:
_cPlanning Commission Govt Pakistan.
260 _aIslamabd :
_bPlanning Commission Govt Pakistan: Post office Foundation Press,
_c2005.
300 _a562 p.
700 1 _aTiensten, Paul.
856 4 0 _3Amazon.com
_uhttp://www.amazon.com/exec/obidos/ASIN/chopaconline-20
999 _c9966
_d9966